000
00216 a2200097 4500
020
_a
9781573325349
041
_a
eng
100
_a
De Viney,jessica
245
_a
when I Want to do Something Really Special
942
_c
BK
999
_c
31871
_d
31869